00426nam a2200145Ia 4500003000400000005001700004008004100021040000900062082001700071100004600088245008500134260004100219300000900260650001100269OSt20210826131553.0190216s9999||||xx |||||||||||||| ||und|| coclc a892.7bALN/A aAl Nadvi, Muhamed Wadhih Rashid Ul Hasani 0aAlamul Adabul Arabi Fil Asaril Hadis /cMuhamed Wadhih Rashid Ul Hasani Al Nadvi bAl Huda Book Stall,c2009.aCalicut: a335p aArabic